00757nam a2200217Ia 4500003000400000005001700004008004100021020001500062040001800077041000800095082002000103100003100123245008700154250001200241260006600253300002900319650002400348942002100372999001900393952012700412OSt20250115091334.0210716s2001 xx 000 0 und d a0070472599 cAIMIT LIBRARY aeng a005.7401 bCOUJ aCouchman, Jason s.9193258 aOracle8i certified professional sql and pl/ sql exam guide /cBy Jason S Couchman. a1st ed. aNew Delhi :bTata McGraw Hill Publishing Company Ltd ,c2001. axxix,570 p.;bPBc25 cm. aOracle /SQL9193259 2ddccBKe1st ed. c184830d184830 001040708MCAaAIMITbAIMITd2021-07-16g395.00l0o005.7401 COUJpMCA04338r2026-05-23 00:00:00v395.00w2021-07-16yBK